[Event "DEM U10 2018"]
[Site "Willingen GER"]
[Date "2018.05.25"]
[Round "10"]
[White "Sundui, Chinguun"]
[Black "Kieselbach, Jannik"]
[Result "0-1"]
[Termination "normal"]
[Board "7"]
[WhiteElo "1424"]
[BlackElo "1397"]
[WhiteClock "00:00:37"]
[BlackClock "00:06:31"]
[PlyCount "128"]
[WhiteFideId "4907930"]
[BlackFideId "16246403"]
[EventCountry "GER"]
[EventRounds "11"]
[EventType "swiss"]
[EventDate "2018.05.19"]

1. d4 {[%clk 1:15:59]} 1... d5 {[%clk 1:15:52]} 2. Nf3 {[%clk 1:16:23]} 2... e6
{[%clk 1:16:09]} 3. g3 {[%clk 1:16:46]} 3... Bd6 {[%clk 1:16:30]} 4. Bg2 {
[%clk 1:17:07]} 4... f5 {[%clk 1:16:27]} 5. O-O {[%clk 1:17:17]} 5... Nf6 {
[%clk 1:16:19]} 6. c4 {[%clk 1:16:59]} 6... c6 {[%clk 1:16:35]} 7. Nc3 { [%clk
1:17:02]} 7... O-O {[%clk 1:16:40]} 8. b3 {[%clk 1:16:57]} 8... Ne4 { [%clk
1:16:25]} 9. Bb2 {[%clk 1:17:16]} 9... g5 {[%clk 1:16:29]} 10. Ne5 { [%clk
1:15:44]} 10... Bxe5 {[%clk 1:15:53]} 11. dxe5 {[%clk 1:16:03]} 11... Qc7
{[%clk 1:15:22]} 12. Nxe4 {[%clk 1:13:48]} 12... fxe4 {[%clk 1:15:00]} 13. e3 {
[%clk 1:10:45]} 13... h6 {[%clk 1:11:37]} 14. Qh5 {[%clk 1:10:33]} 14... Kh7 {
[%clk 1:10:19]} 15. Rad1 {[%clk 1:10:04]} 15... Qf7 {[%clk 1:09:03]} 16. Qe2 {
[%clk 1:09:03]} 16... Qf5 {[%clk 1:07:02]} 17. Qc2 {[%clk 0:57:24]} 17... Kg8 {
[%clk 1:04:56]} 18. Qc3 {[%clk 0:50:32]} 18... Qg6 {[%clk 0:58:55]} 19. Ba3 {
[%clk 0:49:29]} 19... Re8 {[%clk 0:58:08]} 20. Rd2 {[%clk 0:46:01]} 20... Nd7 {
[%clk 0:54:02]} 21. Bd6 {[%clk 0:45:44]} 21... Qg7 {[%clk 0:50:47]} 22. Rfd1 {
[%clk 0:44:26]} 22... Rd8 {[%clk 0:48:28]} 23. c5 {[%clk 0:40:21]} 23... Qg6 {
[%clk 0:43:34]} 24. b4 {[%clk 0:37:35]} 24... h5 {[%clk 0:42:23]} 25. h3 {
[%clk 0:32:52]} 25... g4 {[%clk 0:40:20]} 26. h4 {[%clk 0:32:10]} 26... Qf5 {
[%clk 0:35:45]} 27. a4 {[%clk 0:30:52]} 27... a6 {[%clk 0:35:20]} 28. Rc2 {
[%clk 0:26:46]} 28... Kh7 {[%clk 0:31:47]} 29. Qb2 {[%clk 0:25:27]} 29... Kg8 {
[%clk 0:30:01]} 30. Qc3 {[%clk 0:24:59]} 30... Nf8 {[%clk 0:28:52]} 31. Rb1 {
[%clk 0:24:13]} 31... Bd7 {[%clk 0:28:28]} 32. Rbb2 {[%clk 0:20:08]} 32... Ng6
{[%clk 0:27:33]} 33. Ra2 {[%clk 0:18:26]} 33... Kh7 {[%clk 0:26:10]} 34. Qa1 {
[%clk 0:18:02]} 34... Nh8 {[%clk 0:23:41]} 35. Rc1 {[%clk 0:11:10]} 35... Nf7 {
[%clk 0:23:37]} 36. Be7 {[%clk 0:08:26]} 36... Re8 {[%clk 0:22:21]} 37. Bf6 {
[%clk 0:08:47]} 37... Rf8 {[%clk 0:19:29]} 38. Qc3 {[%clk 0:04:48]} 38... Nh6 {
[%clk 0:17:34]} 39. Bg5 {[%clk 0:01:47]} 39... Ng8 {[%clk 0:16:25]} 40. Rb2 {
[%clk 0:00:36]} 40... Qf7 {[%clk 0:15:44]} 41. Rcc2 {[%clk 0:14:03]} 41... Ne7
{[%clk 0:30:25]} 42. Qd2 {[%clk 0:11:50]} 42... Qg7 {[%clk 0:29:06]} 43. Bxe4+
{[%clk 0:11:01]} 43... Kg8 {[%clk 0:27:40]} 44. Bxe7 {[%clk 0:10:51]} 44...
Qxe7 {[%clk 0:27:56]} 45. Bg2 {[%clk 0:10:10]} 45... Rf5 {[%clk 0:27:41]} 46.
e4 {[%clk 0:07:11]} 46... Rxe5 {[%clk 0:25:03]} 47. Qf4 {[%clk 0:06:33]} 47...
Qg7 {[%clk 0:24:08]} 48. exd5 {[%clk 0:05:49]} 48... exd5 {[%clk 0:22:33]} 49.
Re2 {[%clk 0:04:54]} 49... Rxe2 {[%clk 0:22:22]} 50. Rxe2 {[%clk 0:05:23]}
50... Rf8 {[%clk 0:20:13]} 51. Qd6 {[%clk 0:05:08]} 51... Re8 {[%clk 0:19:19]}
52. Rxe8+ {[%clk 0:04:08]} 52... Bxe8 {[%clk 0:19:43]} 53. Qb8 {[%clk 0:02:40]}
53... Qe7 {[%clk 0:19:06]} 54. Kf1 {[%clk 0:02:38]} 54... Kh7 {[%clk 0:17:40]}
55. Qf4 {[%clk 0:02:43]} 55... Bg6 {[%clk 0:17:33]} 56. a5 {[%clk 0:02:17]}
56... Qg7 {[%clk 0:13:25]} 57. Qd2 {[%clk 0:00:38]} 57... d4 {[%clk 0:13:12]}
58. Ke1 {[%clk 0:00:51]} 58... d3 {[%clk 0:12:19]} 59. Bf1 {[%clk 0:00:37]}
59... Qa1+ {[%clk 0:11:54]} 60. Qd1 {[%clk 0:01:00]} 60... Qe5+ {[%clk 0:11:42]
} 61. Kd2 {[%clk 0:01:15]} 61... Qd4 {[%clk 0:11:31]} 62. Ke1 {[%clk 0:00:59]}
62... Qxb4+ {[%clk 0:11:40]} 63. Qd2 {[%clk 0:01:13]} 63... Qc4 {[%clk 0:06:31]
} 64. Kd1 {[%clk 0:00:37]} 64... Kg8 0-1

[Event "DEM U10 2018"]
[Site "Willingen GER"]
[Date "2018.05.25"]
[Round "10"]
[White "Sommer, Justus"]
[Black "Korek, Jakob Alexander"]
[Result "1/2-1/2"]
[Termination "normal"]
[Board "8"]
[WhiteElo "1459"]
[BlackElo "1517"]
[WhiteClock "00:34:28"]
[BlackClock "00:31:42"]
[PlyCount "98"]
[WhiteFideId "16245008"]
[BlackFideId "16240022"]
[EventCountry "GER"]
[EventRounds "11"]
[EventType "swiss"]
[EventDate "2018.05.19"]

1. e4 {[%clk 1:15:54]} 1... c5 {[%clk 1:15:56]} 2. Nf3 {[%clk 1:16:12]} 2... e6
{[%clk 1:16:13]} 3. c3 {[%clk 1:16:19]} 3... d5 {[%clk 1:15:49]} 4. exd5 {
[%clk 1:16:36]} 4... exd5 {[%clk 1:14:35]} 5. d4 {[%clk 1:16:16]} 5... Nf6 {
[%clk 1:13:50]} 6. Bb5+ {[%clk 1:15:22]} 6... Bd7 {[%clk 1:13:33]} 7. Bxd7+
7... Nbxd7 {[%clk 1:13:21]} 8. O-O {[%clk 1:14:38]} 8... Be7 {[%clk 1:13:21]}
9. Na3 {[%clk 1:11:35]} 9... O-O 10. Nc2 10... Qc7 {[%clk 1:10:43]} 11. Bg5 {
[%clk 1:08:33]} 11... Rfe8 {[%clk 1:07:44]} 12. Re1 {[%clk 1:08:13]} 12... h6 {
[%clk 1:06:59]} 13. Bh4 {[%clk 1:05:23]} 13... c4 {[%clk 1:04:16]} 14. Ne3 {
[%clk 1:03:17]} 14... Nf8 {[%clk 0:59:22]} 15. Bxf6 {[%clk 1:01:54]} 15... Bxf6
{[%clk 0:58:59]} 16. Nxd5 {[%clk 1:01:52]} 16... Qc6 {[%clk 0:58:26]} 17. Nxf6+
{[%clk 1:02:12]} 17... Qxf6 {[%clk 0:58:44]} 18. Ne5 {[%clk 1:02:14]} 18... b5
{[%clk 0:58:24]} 19. Qh5 {[%clk 1:00:35]} 19... Ne6 {[%clk 0:57:21]} 20. Re3 {
[%clk 0:57:37]} 20... Nf4 {[%clk 0:56:14]} 21. Qf3 {[%clk 0:55:29]} 21... Red8
{[%clk 0:52:37]} 22. Re4 {[%clk 0:54:56]} 22... Nd5 {[%clk 0:51:12]} 23. Rae1 {
[%clk 0:52:27]} 23... Qxf3 {[%clk 0:48:18]} 24. Nxf3 {[%clk 0:52:41]} 24... Nf6
{[%clk 0:48:26]} 25. Re5 {[%clk 0:52:11]} 25... a6 {[%clk 0:44:47]} 26. Nd2 {
[%clk 0:48:50]} 26... Re8 {[%clk 0:44:18]} 27. Rxe8+ {[%clk 0:49:02]} 27...
Rxe8 {[%clk 0:44:37]} 28. Rxe8+ {[%clk 0:49:22]} 28... Nxe8 {[%clk 0:45:03]}
29. Ne4 {[%clk 0:49:43]} 29... Nc7 {[%clk 0:45:08]} 30. f4 {[%clk 0:49:37]}
30... Kf8 {[%clk 0:45:10]} 31. Kf2 {[%clk 0:49:42]} 31... Ke7 {[%clk 0:45:23]}
32. f5 {[%clk 0:49:21]} 32... Kd7 {[%clk 0:44:33]} 33. Nc5+ {[%clk 0:48:59]}
33... Kc6 {[%clk 0:43:58]} 34. Kf3 {[%clk 0:48:49]} 34... a5 {[%clk 0:43:45]}
35. Ke4 {[%clk 0:48:40]} 35... Nd5 {[%clk 0:43:33]} 36. a3 {[%clk 0:46:10]}
36... Nf6+ {[%clk 0:40:47]} 37. Kf3 {[%clk 0:45:29]} 37... Nd5 {[%clk 0:40:35]}
38. g4 {[%clk 0:45:22]} 38... Nf6 {[%clk 0:38:14]} 39. h4 {[%clk 0:45:31]}
39... a4 {[%clk 0:38:28]} 40. g5 {[%clk 0:45:41]} 40... hxg5 {[%clk 0:38:34]}
41. hxg5 {[%clk 0:45:51]} 41... Nd7 {[%clk 0:36:22]} 42. Na6 {[%clk 0:43:57]}
42... Nb6 {[%clk 0:36:09]} 43. Ke4 {[%clk 0:43:44]} 43... Nd5 {[%clk 0:34:30]}
44. Nb4+ {[%clk 0:38:47]} 44... Nxb4 {[%clk 0:33:07]} 45. axb4 {[%clk 0:39:09]}
45... f6 {[%clk 0:32:31]} 46. gxf6 {[%clk 0:37:44]} 46... gxf6 {[%clk 0:32:54]}
47. d5+ {[%clk 0:37:40]} 47... Kd7 {[%clk 0:32:08]} 48. Ke3 {[%clk 0:34:44]}
48... Ke7 {[%clk 0:32:11]} 49. Ke4 {[%clk 0:34:28]} 49... Kd7 {[%clk 0:31:42]}
1/2-1/2

[Event "DEM U10 2018"]
[Site "Willingen GER"]
[Date "2018.05.25"]
[Round "10"]
[White "Held, Momme Fredrik"]
[Black "Helms, Finn"]
[Result "1-0"]
[Termination "normal"]
[Board "10"]
[WhiteElo "1674"]
[BlackElo "1435"]
[WhiteClock "01:12:15"]
[BlackClock "00:45:28"]
[PlyCount "77"]
[WhiteFideId "16237692"]
[BlackFideId "16249143"]
[EventCountry "GER"]
[EventRounds "11"]
[EventType "swiss"]
[EventDate "2018.05.19"]

1. e4 {[%clk 1:15:58]} 1... c6 {[%clk 1:15:57]} 2. d4 {[%clk 1:16:21]} 2... d5
{[%clk 1:16:22]} 3. exd5 {[%clk 1:16:45]} 3... cxd5 {[%clk 1:16:47]} 4. Bd3 {
[%clk 1:17:10]} 4... Nf6 {[%clk 1:17:07]} 5. c3 {[%clk 1:17:27]} 5... Bg4 {
[%clk 1:17:25]} 6. Qb3 {[%clk 1:17:49]} 6... Qc7 {[%clk 1:16:58]} 7. h3 { [%clk
1:17:38]} 7... Bh5 {[%clk 1:15:56]} 8. g4 {[%clk 1:17:30]} 8... Bg6 { [%clk
1:14:29]} 9. Bxg6 {[%clk 1:17:48]} 9... hxg6 {[%clk 1:13:51]} 10. g5 { [%clk
1:17:55]} 10... Ng4 {[%clk 1:10:14]} 11. Qxd5 {[%clk 1:17:38]} 11... e6 { [%clk
1:03:40]} 12. Qg2 {[%clk 1:17:20]} 12... Qc6 {[%clk 0:54:11]} 13. Nf3 { [%clk
1:16:35]} 13... Qe4+ {[%clk 0:53:52]} 14. Kd2 {[%clk 1:15:05]} 14... Qf4+
{[%clk 0:53:44]} 15. Kc2 {[%clk 1:15:13]} 15... Qe4+ {[%clk 0:53:47]} 16. Kb3 {
[%clk 1:15:06]} 16... a5 {[%clk 0:53:23]} 17. a4 {[%clk 1:14:19]} 17... f5 {
[%clk 0:46:28]} 18. hxg4 {[%clk 1:11:25]} 18... Rxh1 {[%clk 0:45:09]} 19. Qxh1
{[%clk 1:11:50]} 19... fxg4 {[%clk 0:45:18]} 20. Qe1 {[%clk 1:11:45]} 20...
Qxf3 {[%clk 0:44:04]} 21. Qxe6+ {[%clk 1:12:03]} 21... Kd8 {[%clk 0:43:18]} 22.
Be3 {[%clk 1:11:27]} 22... Ra6 {[%clk 0:43:17]} 23. Qc4 {[%clk 1:08:23]} 23...
g3 {[%clk 0:40:37]} 24. Nd2 {[%clk 1:07:27]} 24... gxf2 {[%clk 0:40:18]} 25.
Nxf3 {[%clk 1:07:41]} 25... Rb6+ {[%clk 0:40:36]} 26. Kc2 {[%clk 1:07:58]}
26... Rc6 {[%clk 0:40:52]} 27. Qd5+ {[%clk 1:08:17]} 27... Rd6 {[%clk 0:41:16]}
28. Qxb7 {[%clk 1:08:40]} 28... Nd7 {[%clk 0:41:37]} 29. Bxf2 {[%clk 1:09:00]}
29... Be7 {[%clk 0:41:56]} 30. Ne5 {[%clk 1:09:20]} 30... Nxe5 {[%clk 0:42:18]}
31. dxe5 {[%clk 1:09:45]} 31... Re6 {[%clk 0:42:43]} 32. Bb6+ {[%clk 1:10:10]}
32... Ke8 {[%clk 0:43:05]} 33. Qc8+ {[%clk 1:10:35]} 33... Kf7 {[%clk 0:43:29]}
34. Rf1+ {[%clk 1:10:59]} 34... Bf6 {[%clk 0:43:52]} 35. gxf6 {[%clk 1:11:19]}
35... gxf6 {[%clk 0:44:14]} 36. Qd7+ {[%clk 1:11:43]} 36... Kg8 {[%clk 0:44:38]
} 37. Qxe6+ {[%clk 1:12:05]} 37... Kh8 {[%clk 0:45:03]} 38. Qf7 {[%clk 1:12:15]
} 38... fxe5 {[%clk 0:45:28]} 39. Rh1# 1-0

[Event "DEM U10 2018"]
[Site "Willingen GER"]
[Date "2018.05.25"]
[Round "10"]
[White "Krüger, Arthur"]
[Black "Puchas, Henrik"]
[Result "1-0"]
[Termination "normal"]
[Board "11"]
[WhiteElo "1549"]
[BlackElo "1439"]
[WhiteClock "00:20:39"]
[BlackClock "00:39:52"]
[PlyCount "61"]
[WhiteFideId "16244966"]
[BlackFideId "16257995"]
[EventCountry "GER"]
[EventRounds "11"]
[EventType "swiss"]
[EventDate "2018.05.19"]

1. e4 {[%clk 1:15:54]} 1... e5 {[%clk 1:15:53]} 2. Nf3 {[%clk 1:16:10]} 2...
Nc6 {[%clk 1:16:05]} 3. Bc4 {[%clk 1:15:58]} 3... Bc5 {[%clk 1:16:16]} 4. c3 {
[%clk 1:15:18]} 4... Nf6 {[%clk 1:16:11]} 5. d3 {[%clk 1:15:15]} 5... h6 {
[%clk 1:15:57]} 6. O-O {[%clk 1:14:28]} 6... a6 {[%clk 1:15:28]} 7. a4 { [%clk
1:13:28]} 7... Ba7 {[%clk 1:15:39]} 8. Nbd2 {[%clk 1:12:06]} 8... d6 { [%clk
1:15:23]} 9. Bb3 {[%clk 1:11:27]} 9... Qe7 {[%clk 1:15:20]} 10. Re1 { [%clk
1:10:04]} 10... g5 {[%clk 1:15:09]} 11. h3 {[%clk 1:01:48]} 11... g4 { [%clk
1:14:49]} 12. hxg4 {[%clk 1:01:20]} 12... Bxg4 {[%clk 1:15:06]} 13. Nc4 { [%clk
0:55:57]} 13... h5 {[%clk 1:10:17]} 14. Bg5 {[%clk 0:53:12]} 14... Rg8 { [%clk
1:09:53]} 15. Bh4 {[%clk 0:51:17]} 15... O-O-O {[%clk 0:58:49]} 16. Ne3 16...
Bxe3 {[%clk 0:56:55]} 17. Rxe3 {[%clk 0:45:51]} 17... Rg6 {[%clk 0:56:15] } 18.
Bd5 {[%clk 0:38:50]} 18... Na7 {[%clk 0:52:26]} 19. Qb3 {[%clk 0:34:32]} 19...
c6 {[%clk 0:52:20]} 20. Bxf7 {[%clk 0:32:54]} 20... Rg7 {[%clk 0:52:41]} 21.
Ng5 {[%clk 0:31:29]} 21... d5 {[%clk 0:49:59]} 22. Qb6 {[%clk 0:27:11]} 22...
Kb8 {[%clk 0:49:58]} 23. exd5 {[%clk 0:23:08]} 23... cxd5 {[%clk 0:48:52] } 24.
Rxe5 {[%clk 0:21:49]} 24... Qxe5 {[%clk 0:47:59]} 25. Qxd8+ { [%clk 0:22:09]}
25... Bc8 {[%clk 0:48:20]} 26. Bg3 {[%clk 0:21:50]} 26... Qxg3 {[%clk 0:47:28]}
27. fxg3 {[%clk 0:22:12]} 27... Rxg5 {[%clk 0:47:52]} 28. Qxf6 {[%clk 0:22:28]}
28... Rf5 {[%clk 0:47:09]} 29. Qd6+ {[%clk 0:21:44]} 29... Ka8 {[%clk 0:47:27]}
30. Bxd5 {[%clk 0:21:44]} 30... Rg5 {[%clk 0:39:52]} 31. Rf1 { [%clk 0:20:39]}
1-0

[Event "DEM U10 2018"]
[Site "Willingen GER"]
[Date "2018.05.25"]
[Round "10"]
[White "Hoppstädter, Daniel"]
[Black "Sauer, Tim"]
[Result "0-1"]
[Termination "normal"]
[Board "12"]
[WhiteElo "1219"]
[BlackElo "1378"]
[WhiteClock "00:29:43"]
[BlackClock "00:41:37"]
[PlyCount "74"]
[WhiteFideId "16243625"]
[BlackFideId "16265726"]
[EventCountry "GER"]
[EventRounds "11"]
[EventType "swiss"]
[EventDate "2018.05.19"]

1. e4 {[%clk 1:15:56]} 1... c6 {[%clk 1:15:57]} 2. d4 {[%clk 1:16:11]} 2... d5
{[%clk 1:16:23]} 3. exd5 {[%clk 1:16:34]} 3... cxd5 {[%clk 1:16:46]} 4. Bd3 {
[%clk 1:16:47]} 4... Nc6 {[%clk 1:17:11]} 5. c3 {[%clk 1:17:03]} 5... Nf6 {
[%clk 1:17:29]} 6. Bf4 {[%clk 1:17:07]} 6... Bg4 {[%clk 1:17:37]} 7. f3 { [%clk
1:17:00]} 7... Bh5 {[%clk 1:16:07]} 8. Na3 {[%clk 1:15:36]} 8... a6 { [%clk
1:15:01]} 9. Qb3 {[%clk 1:12:17]} 9... Qd7 {[%clk 1:14:56]} 10. Nc2 { [%clk
1:11:22]} 10... e6 {[%clk 1:15:11]} 11. Ne3 {[%clk 1:10:13]} 11... Be7 { [%clk
1:10:09]} 12. Ne2 {[%clk 1:06:54]} 12... Bg6 {[%clk 1:07:51]} 13. Bxg6 { [%clk
1:06:17]} 13... hxg6 {[%clk 1:07:59]} 14. O-O {[%clk 1:05:42]} 14... Nh5 {[%clk
1:06:49]} 15. Bg3 {[%clk 1:03:20]} 15... Nxg3 {[%clk 1:07:12]} 16. hxg3 {[%clk
1:03:34]} 16... Bd6 {[%clk 1:07:06]} 17. Rfe1 {[%clk 0:58:25]} 17... Qc7 {[%clk
1:06:27]} 18. Nf4 {[%clk 0:57:35]} 18... O-O-O {[%clk 1:02:35]} 19. Ne2 {[%clk
0:49:13]} 19... Bxg3 {[%clk 1:00:06]} 20. Nxg3 {[%clk 0:49:26]} 20... Qxg3
{[%clk 1:00:29]} 21. Nf1 {[%clk 0:49:45]} 21... Qc7 {[%clk 0:59:37]} 22. Ne3
{[%clk 0:46:38]} 22... Rh5 {[%clk 0:51:08]} 23. Kf2 {[%clk 0:45:21]} 23... Ne7
{[%clk 0:47:50]} 24. Rh1 {[%clk 0:42:38]} 24... Rdh8 {[%clk 0:47:03]} 25. Rxh5
{[%clk 0:40:20]} 25... Rxh5 {[%clk 0:47:19]} 26. c4 {[%clk 0:39:48]} 26... dxc4
{[%clk 0:47:02]} 27. Nxc4 {[%clk 0:40:03]} 27... Nf5 {[%clk 0:44:57]} 28. Rc1
{[%clk 0:36:34]} 28... Qg3+ {[%clk 0:45:12]} 29. Kg1 {[%clk 0:36:57]} 29...
Qh2+ {[%clk 0:44:01]} 30. Kf2 {[%clk 0:37:18]} 30... Qh4+ {[%clk 0:44:01]} 31.
Kg1 {[%clk 0:30:00]} 31... Qh1+ {[%clk 0:42:29]} 32. Kf2 {[%clk 0:30:29]} 32...
Qxc1 {[%clk 0:42:15]} 33. Qb4 {[%clk 0:29:53]} 33... Qc2+ {[%clk 0:42:15]} 34.
Kg1 {[%clk 0:30:08]} 34... Qd1+ {[%clk 0:41:11]} 35. Kf2 {[%clk 0:30:31]} 35...
Qxd4+ {[%clk 0:41:24]} 36. Ke2 {[%clk 0:29:18]} 36... Ng3+ {[%clk 0:41:24]} 37.
Ke1 {[%clk 0:29:43]} 37... Rh1# {[%clk 0:41:37]} 0-1

[Event "DEM U10 2018"]
[Site "Willingen GER"]
[Date "2018.05.25"]
[Round "10"]
[White "Krüger, Aurelian"]
[Black "Linnemann, Caspar"]
[Result "1-0"]
[Termination "normal"]
[Board "14"]
[WhiteElo "1469"]
[BlackElo "1408"]
[PlyCount "163"]
[WhiteFideId "16230400"]
[BlackFideId "16200284"]
[EventCountry "GER"]
[EventRounds "11"]
[EventType "swiss"]
[EventDate "2018.05.19"]

1. e4 c5 2. d4 cxd4 3. c3 dxc3 4. Nxc3 e6 5. Nf3 Ne7 6. Bc4 a6 7. Bf4 Ng6 8.
Bg3 b5 9. Bb3 Bb7 10. O-O Be7 11. Qe2 O-O 12. Rfd1 Nh4 13. Nxh4 Bxh4 14. Bf4
Bg5 15. Be5 Be7 16. Rac1 Qe8 17. Qd3 Bc6 18. Ne2 Kh8 19. Nd4 f6 20. Bxb8 Rxb8
21. Bxe6 dxe6 22. Nxc6 Rc8 23. Nd4 Rd8 24. Qb3 e5 25. Ne6 Rxd1+ 26. Rxd1 Rg8
27. Nc7 Qc6 28. Nd5 Re8 29. h3 h6 30. Rd3 Bd6 31. Rc3 Qb7 32. Qc2 Rd8 33. Rc6
Bf8 34. Rc7 Qb8 35. Qc6 Qa8 36. Qxa8 Rxa8 37. Kf1 Bd6 38. Rc6 Bf8 39. Ke2 Kg8
40. Kf3 Kf7 41. Kg4 Kg6 42. h4 h5+ 43. Kf3 a5 44. g4 b4 45. g5 Kf7 46. gxf6
gxf6 47. Rxf6+ Kg8 48. Rf5 Rc8 49. Ne3 Bh6 50. Rxe5 Bxe3 51. Kxe3 Rc2 52. Rxa5
Rxb2 53. Rxh5 Rxa2 54. Rb5 Rb2 55. f4 b3 56. Kd3 Rf2 57. Rxb3 Rxf4 58. h5 Rh4
59. Rb5 Kg7 60. Rf5 Kh6 61. Kd4 Rxh5 62. Rxh5+ Kxh5 63. Ke5 Kg6 64. Ke6 Kg7 65.
Ke7 Kg8 66. e5 Kg7 67. e6 Kg8 68. Kd7 Kf8 69. e7+ Kg7 70. e8=Q Kf6 71. Qe6+ Kg5
72. Qf7 Kg4 73. Qf6 Kg3 74. Qf5 Kg2 75. Qf4 Kg1 76. Qf3 Kh2 77. Qg4 Kh1 78. Ke6
Kh2 79. Kf5 Kh1 80. Kf4 Kh2 81. Kf3 Kh1 82. Qg2# 1-0

[Event "DEM U10 2018"]
[Site "Willingen GER"]
[Date "2018.05.25"]
[Round "10"]
[White "Apel, Linus"]
[Black "Klaska, Philipp Leon"]
[Result "1/2-1/2"]
[Termination "normal"]
[Board "15"]
[WhiteElo "1283"]
[BlackElo "1272"]
[PlyCount "63"]
[WhiteFideId "16265785"]
[BlackFideId "16238044"]
[EventCountry "GER"]
[EventRounds "11"]
[EventType "swiss"]
[EventDate "2018.05.19"]

1. e4 c5 2. Nf3 e6 3. d4 cxd4 4. Nxd4 Nc6 5. Be3 a6 6. f4 Nf6 7. Nc3 d6 8. h3
Qc7 9. Be2 b5 10. Bd3 Bb7 11. a3 Be7 12. g4 Rc8 13. g5 Nd7 14. h4 Nc5 15. f5
Nxd4 16. Bxd4 e5 17. Be3 Qa5 18. O-O Qc7 19. Qh5 g6 20. fxg6 fxg6 21. Qg4 Qd7
22. Qxd7+ Kxd7 23. Rad1 Rhf8 24. Rf2 Ba8 25. Rxf8 Bxf8 26. Rf1 Ke7 27. Kg2 Bg7
28. Kg3 Rf8 29. Rh1 Ke6 30. h5 Rh8 31. h6 Bf8 32. Rf1 1/2-1/2

[Event "DEM U10 2018"]
[Site "Willingen GER"]
[Date "2018.05.25"]
[Round "10"]
[White "Bongardt, Livius"]
[Black "Kiefhaber, Tobias"]
[Result "1/2-1/2"]
[Termination "normal"]
[Board "16"]
[WhiteElo "1398"]
[BlackElo "1551"]
[PlyCount "119"]
[WhiteFideId "16265718"]
[BlackFideId "16240693"]
[EventCountry "GER"]
[EventRounds "11"]
[EventType "swiss"]
[EventDate "2018.05.19"]

1. e4 c6 2. d4 d5 3. e5 Bf5 4. Nf3 e6 5. Nbd2 Nd7 6. Nb3 Ne7 7. Bg5 h6 8. Bh4
Qc7 9. c3 Bh7 10. Rc1 Nf5 11. Bg3 Be7 12. Be2 Rc8 13. O-O Qd8 14. c4 h5 15. h3
Nxg3 16. fxg3 Be4 17. Nh2 g6 18. Bf3 Bxf3 19. Qxf3 O-O 20. g4 h4 21. Qf2 Bg5
22. Rc2 f6 23. exf6 Qxf6 24. Qxf6 Bxf6 25. Nf3 Rf7 26. Re1 Nf8 27. g5 Be7 28.
cxd5 Bb4 29. Ree2 exd5 30. Nxh4 Rf4 31. g3 Re4 32. Rxe4 dxe4 33. Re2 Re8 34.
Ng2 Bd6 35. Kf2 Kg7 36. h4 Nd7 37. Nf4 c5 38. Kg2 cxd4 39. Nxd4 Kh7 40. Nde6
Nc5 41. Nxc5 Bxc5 42. a3 e3 43. b4 Bd4 44. Kf3 Rf8 45. Ke4 Bb6 46. Ra2 Re8+ 47.
Kf3 Rf8 48. Ke2 a6 49. Rc2 Rf7 50. a4 Kg7 51. a5 Ba7 52. Rc1 Kh7 53. Rc2 Kg7
54. Nd5 Rf2+ 55. Kd3 Rxc2 56. Kxc2 Bb8 57. g4 Bg3 58. Kd3 Bxh4 59. Kxe3 Bxg5+
60. Ke4 1/2-1/2

[Event "DEM U10 2018"]
[Site "Willingen GER"]
[Date "2018.05.25"]
[Round "10"]
[White "Bräutigam, Alexander"]
[Black "Policarpo, Raphael"]
[Result "1/2-1/2"]
[Termination "normal"]
[Board "17"]
[WhiteElo "1323"]
[BlackElo "1640"]
[PlyCount "45"]
[WhiteFideId "16245210"]
[BlackFideId "16237676"]
[EventCountry "GER"]
[EventRounds "11"]
[EventType "swiss"]
[EventDate "2018.05.19"]

1. c4 c5 2. Nc3 Nf6 3. g3 e6 4. Bg2 d5 5. cxd5 exd5 6. d3 d4 7. Ne4 Nxe4 8.
Bxe4 Bd6 9. Bg2 Nc6 10. Nf3 Be6 11. O-O O-O 12. a3 h6 13. Bd2 Qd7 14. Qc1 Bh3
15. Bf4 Bxg2 16. Kxg2 Bxf4 17. Qxf4 Rae8 18. Rfe1 f6 19. Rac1 b6 20. Qd2 Ne5
21. Nxe5 fxe5 22. Rf1 Rf6 23. f3 1/2-1/2

[Event "DEM U10 2018"]
[Site "Willingen GER"]
[Date "2018.05.25"]
[Round "10"]
[White "Müller, Milo"]
[Black "Itin, Timofey"]
[Result "1-0"]
[Termination "normal"]
[Board "18"]
[WhiteElo "1443"]
[BlackElo "1298"]
[PlyCount "149"]
[WhiteFideId "16265700"]
[BlackFideId "16265777"]
[EventCountry "GER"]
[EventRounds "11"]
[EventType "swiss"]
[EventDate "2018.05.19"]

1. e4 e5 2. Nf3 Nc6 3. Bc4 Bc5 4. c3 Nf6 5. d3 O-O 6. Bg5 h6 7. Bh4 d6 8. Nbd2
Bg4 9. a4 a6 10. O-O Na5 11. Ba2 Ba7 12. b4 Nc6 13. h3 Bh5 14. Qc2 b5 15. axb5
axb5 16. Bd5 Qd7 17. Bxf6 gxf6 18. Nh4 Bb6 19. Nb3 Rxa1 20. Rxa1 Ne7 21. Nd2
Nxd5 22. exd5 c6 23. dxc6 Qxc6 24. Nf5 Kh7 25. c4 Bg6 26. Ng3 bxc4 27. Qxc4
Qxc4 28. dxc4 Rb8 29. Nde4 Bd4 30. Ra6 Rxb4 31. Nxf6+ Kg7 32. Nge4 Rxc4 33.
Rxd6 Bc5 34. Nxc5 Rxc5 35. Ng4 e4 36. Rd1 Bh5 37. Re1 Bxg4 38. hxg4 Re5 39. f3
e3 40. Kf1 Kg6 41. Ke2 Kg5 42. g3 Re8 43. Kd3 h5 44. gxh5 Kxh5 45. Rxe3 Rxe3+
46. Kxe3 f5 47. f4 Kg4 48. Kf2 Kh5 49. Kf3 Kg6 50. Kg2 Kh5 51. Kh3 Kh6 52. Kh4
Kg6 53. Kh3 Kh5 54. Kg2 Kg4 55. Kf2 Kh3 56. Kf3 Kh2 57. g4 fxg4+ 58. Kxg4 Kg2
59. f5 Kf2 60. f6 Ke3 61. f7 Kd4 62. f8=Q Kd5 63. Qe7 Kd4 64. Kf4 Kd5 65. Qe4+
Kd6 66. Qe5+ Kc6 67. Qd4 Kb5 68. Qc3 Kb6 69. Qc4 Kb7 70. Qc5 Ka6 71. Qb4 Ka7
72. Ke5 Ka6 73. Kd6 Ka7 74. Kc7 Ka8 75. Qb7# 1-0

[Event "DEM U10 2018"]
[Site "Willingen GER"]
[Date "2018.05.25"]
[Round "10"]
[White "Rumpold, Jaron"]
[Black "Cilo, Selimhan"]
[Result "0-1"]
[Termination "normal"]
[Board "19"]
[WhiteElo "1259"]
[BlackElo "1400"]
[PlyCount "64"]
[WhiteFideId "16265793"]
[BlackFideId "16246756"]
[EventCountry "GER"]
[EventRounds "11"]
[EventType "swiss"]
[EventDate "2018.05.19"]

1. d4 d5 2. c4 c6 3. Nc3 Nf6 4. Nf3 e6 5. e3 Nbd7 6. Bd3 Bd6 7. c5 Bc7 8. b4 a6
9. e4 e5 10. Bg5 Qe7 11. O-O exd4 12. Nxd4 Qe5 13. Nf3 Qxc3 14. Qd2 Qxd2 15.
Nxd2 dxe4 16. Nxe4 Nxe4 17. Bxe4 O-O 18. Rfe1 Nf6 19. Bf3 Be6 20. a3 Nd5 21.
Rad1 a5 22. Bxd5 Bxd5 23. Re7 Bd8 24. Rxb7 Bxg5 25. b5 Rab8 26. Rxb8 Rxb8 27.
b6 Be7 28. Rc1 Re8 29. Re1 Kf8 30. h3 Bxc5 31. Rxe8+ Kxe8 32. b7 Bd6 0-1